000 00516nam a2200181 i 4500
001 130046
003 ES-MaACL
005 20230906193629.0
007 t|
008 070717s1966 sp ||||1| spa d
080 _a821.134.2-31"19"
100 1 _aZunzunegui, Juan Antonio de.
_9118511
245 1 3 _aUn hombre entre dos mujeres :
_bnovela de carácter /
_cJuan Antonio de Zunzunegui.
250 _a1ª ed.
260 _aMadrid :
_bNoguera,
_c1966.
300 _a762 p. ;
_c20 cm.
852 4 _aES-MaACL
_jC-29642
999 _c130046
_d130046